Www.cdmae.cat [Objecte] : un món de recursos a primera fila un món de recursos a primera fila
Publicado:
Barcelona :
Diputació de Barcelona. Institut del Teatre. Mae, Centre de Documentació i Museu de les Arts Escèniques, [2012]
Descripción Física:
1 estoreta de ratolí ; 19 x 27 cm
MARC
| LEADER | 00000nrm a2200000Ia 4500 | ||
|---|---|---|---|
| 001 | 23484 | ||
| 008 | 160829s9999 xx 000 0 cat d | ||
| 080 | |a NBM-6-7 | ||
| 245 | |a Www.cdmae.cat [Objecte] : |b un món de recursos a primera fila | ||
| 260 | |a Barcelona : |b Diputació de Barcelona. Institut del Teatre. Mae, Centre de Documentació i Museu de les Arts Escèniques, [2012] | ||
| 300 | |a 1 estoreta de ratolí ; |c 19 x 27 cm | ||
| 650 | 0 | |9 54098 |a Objectes publicitaris | |
| 655 | 0 | |9 54973 |a Estoretes de ratolí | |
| 710 | 1 | |a Institut del Teatre (Barcelona, Catalunya) |9 52662 | |
| 710 | 2 | |a Centre de Documentació i Museu de les Arts Escèniques |9 53092 | |
| 710 | 1 | |a Barcelona (Catalunya : Província). |b Diputació |9 52408 | |
| 901 | |a Arxiu | ||
| 942 | |n 1 |2 udc | ||
| 952 | |0 0 |1 0 |4 0 |6 NBM67 |7 1 |9 51578 |a Arxiu |b Arxiu |d 2012-08-06 |l 0 |o NBM-6-7 |p 23484 |r 2016-12-01 00:00:00 |w 2016-12-01 |y ARXIU | ||
| 999 | |c 55423 |d 55423 | ||